<?xml version="1.0" encoding="UTF-8"?>
<collection xmlns="http://www.loc.gov/MARC21/slim">
 <record>
  <leader>01386nam a22002417a 4500</leader>
  <controlfield tag="001">NCT_61847</controlfield>
  <controlfield tag="008">190314b        xxu||||| |||| 00| 0 vie d</controlfield>
  <datafield tag="999" ind1=" " ind2=" ">
   <subfield code="c">2994</subfield>
   <subfield code="d">2994</subfield>
  </datafield>
  <datafield tag="020" ind1=" " ind2=" ">
   <subfield code="c">140000</subfield>
  </datafield>
  <datafield tag="082" ind1="0" ind2="4">
   <subfield code="2">23rd ed.</subfield>
   <subfield code="a">547</subfield>
   <subfield code="b">K600</subfield>
  </datafield>
  <datafield tag="100" ind1="1" ind2=" ">
   <subfield code="a">Trương Thế Kỷ</subfield>
   <subfield code="e">Chủ biên</subfield>
  </datafield>
  <datafield tag="245" ind1="1" ind2="0">
   <subfield code="a">Hóa hữu cơ</subfield>
   <subfield code="b">(Sách dùng đào tạo Dược sĩ Đại học)</subfield>
   <subfield code="c">Trương Thế Kỷ (chủ biên) ; Nguyễn Anh Tuấn, Đặng Văn Tịnh, ...(biên soạn)</subfield>
  </datafield>
  <datafield tag="260" ind1=" " ind2=" ">
   <subfield code="a">H.</subfield>
   <subfield code="b">Y học</subfield>
   <subfield code="c">2011</subfield>
  </datafield>
  <datafield tag="300" ind1=" " ind2=" ">
   <subfield code="a">335 tr.</subfield>
   <subfield code="b">Minh họa</subfield>
   <subfield code="c">28cm</subfield>
  </datafield>
  <datafield tag="500" ind1=" " ind2=" ">
   <subfield code="a">ĐTTS ghi: Đại học Y Dược TP Hồ Chí Minh</subfield>
  </datafield>
  <datafield tag="520" ind1="3" ind2=" ">
   <subfield code="a">Nội dung sách tổng quan và cơ bản về cấu tạo nguyên tử, các liên kết hoa học. Đề cập tính chất vật lý và phương pháp xác định  cấu tạo chất hữu cơ. ....</subfield>
  </datafield>
  <datafield tag="653" ind1=" " ind2=" ">
   <subfield code="a">Dược học</subfield>
  </datafield>
  <datafield tag="700" ind1="1" ind2=" ">
   <subfield code="a">Nguyễn Anh Tuấn</subfield>
  </datafield>
  <datafield tag="700" ind1="1" ind2=" ">
   <subfield code="a">Đặng Văn Tịnh</subfield>
  </datafield>
  <datafield tag="942" ind1=" " ind2=" ">
   <subfield code="2">ddc</subfield>
   <subfield code="c">BK</subfield>
  </datafield>
  <datafield tag="952" ind1=" " ind2=" ">
   <subfield code="0">0</subfield>
   <subfield code="1">0</subfield>
   <subfield code="2">ddc</subfield>
   <subfield code="4">0</subfield>
   <subfield code="6">547_000000000000000_K600</subfield>
   <subfield code="7">0</subfield>
   <subfield code="9">16254</subfield>
   <subfield code="a">000001</subfield>
   <subfield code="b">000001</subfield>
   <subfield code="d">2019-03-14</subfield>
   <subfield code="l">1</subfield>
   <subfield code="o">547 K600</subfield>
   <subfield code="p">MD.14940</subfield>
   <subfield code="r">2019-05-18</subfield>
   <subfield code="s">2019-05-11</subfield>
   <subfield code="v">140000.00</subfield>
   <subfield code="w">2019-03-14</subfield>
   <subfield code="y">BK</subfield>
  </datafield>
  <datafield tag="952" ind1=" " ind2=" ">
   <subfield code="0">0</subfield>
   <subfield code="1">0</subfield>
   <subfield code="2">ddc</subfield>
   <subfield code="4">0</subfield>
   <subfield code="6">547_000000000000000_K600</subfield>
   <subfield code="7">0</subfield>
   <subfield code="9">16255</subfield>
   <subfield code="a">000001</subfield>
   <subfield code="b">000001</subfield>
   <subfield code="d">2019-03-14</subfield>
   <subfield code="o">547 K600</subfield>
   <subfield code="p">MD.09734</subfield>
   <subfield code="r">2019-03-14</subfield>
   <subfield code="v">140000.00</subfield>
   <subfield code="w">2019-03-14</subfield>
   <subfield code="y">BK</subfield>
  </datafield>
  <datafield tag="980" ind1=" " ind2=" ">
   <subfield code="a">Thư viện Trường Đại học Nam Cần Thơ</subfield>
  </datafield>
 </record>
</collection>
